000 00579nam a2200241Ia 4500
003 OSt
005 20220924141538.0
006 a|||||r|||| 00| 0
007 ta
008 220923b |||||||| |||| 00| 0 ben d
020 _a8170662257 (hbk)
024 _a298603
037 _cTextual
040 _aARTS
_cARTS
_bben
041 _2ben
_aben
082 _aO157,6N04x2, M9
100 _aRoy
_9120881
245 0 _aEi samaya
260 _c1989
650 _aBENGALI LITERATURE
942 _hO157,6N04x2, M9
_cTEXL
_2CC
999 _c447589
_d447589